| 000 | 00714nam a22001937a 4500 | ||
|---|---|---|---|
| 999 |
_c19517 _d19517 |
||
| 003 | AR-CdUCM | ||
| 008 | 190517b ||||| |||| 00| 0 spa d | ||
| 040 |
_aMUNICIPALIDAD PROVINCIAL DEL CUSCO _cBIBLIOTECA MUNICIPAL DEL CUSCO |
||
| 082 |
_a160 / _bH23 |
||
| 100 |
_aHasenjaeger, G. _940894 |
||
| 245 | _aConceptos y problemas de la logica moderna / | ||
| 260 |
_aBarcelona ; _bLabor, _c1968. |
||
| 300 |
_a184 paginas ; _c23 cm. |
||
| 505 | _aContenido: Prologo -- Logica tradicional y logica moderna -- La logica como antologia -- La logica como teoria del lenguaje -- La logica como metodologia... | ||
| 650 |
_aLogica _92358 |
||
| 650 |
_aModerna _919323 |
||
| 942 |
_2ddc _cLIBROS |
||
| 945 |
_apjha _d2019-05-17 |
||